[Event "British Columbia-ch Active (online)"]
[Site "chess.com"]
[Date "2020.08.16"]
[Round "7.1"]
[White "Koukpari, Tiam"]
[Black "Hemstapat, Andrew"]
[Result "0-1"]
[WhiteElo "1675"]
[BlackElo "2145"]
[PlyCount "108"]
[EventDate "2020.08.15"]
[EventType "swiss (rapid)"]
[EventRounds "8"]
[EventCountry "CAN"]

1. d4 Nf6 2. Bf4 g6 3. e3 Bg7 4. Nf3 O-O 5. Be2 d6 6. h3 Nbd7 7. O-O b6 8. Nbd2
Bb7 9. Ne1 c5 10. c3 e5 11. dxe5 dxe5 12. Bg5 Qc7 13. Bf3 e4 14. Be2 Rad8 15.
Qc2 Rfe8 16. Rd1 Nf8 17. Bf4 Qc6 18. Nc4 Rxd1 19. Qxd1 Ne6 20. Bh2 Rd8 21. Qb3
Ba6 22. Ne5 Qb7 23. Bxa6 Qxa6 24. Nc2 Qe2 25. Na3 a6 26. Qc4 Qxb2 27. Qxa6 Qxa2
28. Qb7 Rf8 29. Nac4 Qb3 30. Qxb6 Qxc3 31. Qb7 Qb4 32. Qa7 Nd5 33. Nd6 Ndc7 34.
Qb7 Qxb7 35. Nxb7 Rb8 36. Nd6 f5 37. Nec4 Rb3 38. Bg3 Nb5 39. Rc1 Nxd6 40. Bxd6
Kf7 41. g3 Rc3 42. Rxc3 Bxc3 43. Kf1 Ke8 44. Ke2 Kd7 45. Be5 Bxe5 46. Nxe5+ Kd6
47. Nc4+ Kd5 48. Nb6+ Kc6 49. Nc4 Kb5 50. Nd6+ Kb4 51. Kd2 Kb3 52. Nb5 c4 53.
Kc1 c3 54. h4 Kc4 0-1

[Event "British Columbia-ch Active (online)"]
[Site "chess.com"]
[Date "2020.08.16"]
[Round "7.2"]
[White "Roberts, Paul"]
[Black "Taylor, Ashton"]
[Result "1-0"]
[WhiteElo "2192"]
[BlackElo "1685"]
[PlyCount "85"]
[EventDate "2020.08.15"]
[EventType "swiss (rapid)"]
[EventRounds "8"]
[EventCountry "CAN"]

1. e4 e5 2. Nf3 Nf6 3. Nc3 Nc6 4. g3 Bc5 5. Bg2 d6 6. O-O O-O 7. d3 Bg4 8. h3
Bh5 9. Bg5 h6 10. Bxf6 Qxf6 11. Nd5 Qd8 12. c3 Ne7 13. Nxe7+ Qxe7 14. Qd2 Bxf3
15. Bxf3 c6 16. d4 Bb6 17. Bg2 f5 18. exf5 Rxf5 19. a4 exd4 20. cxd4 d5 21. a5
Bc7 22. Rfe1 Qf7 23. Re2 Rf8 24. Rae1 Bd6 25. h4 Kh8 26. a6 bxa6 27. Rc1 Qc7
28. Qe3 R5f7 29. Bxd5 Re7 30. Qd3 Bxg3 31. fxg3 Rxe2 32. Qxe2 Qxg3+ 33. Bg2
Qxh4 34. Qe3 Rd8 35. Rd1 c5 36. d5 Qg4 37. Rd2 Qc4 38. d6 Qc1+ 39. Kh2 c4 40.
d7 h5 41. Qe8+ Kh7 42. Be4+ Kh6 43. Qg6# 1-0

[Event "British Columbia-ch Active (online)"]
[Site "chess.com"]
[Date "2020.08.16"]
[Round "7.3"]
[White "Williamson, Jason"]
[Black "Huang, Patrick"]
[Result "0-1"]
[WhiteElo "2028"]
[BlackElo "2147"]
[PlyCount "44"]
[EventDate "2020.08.15"]
[EventType "swiss (rapid)"]
[EventRounds "8"]
[EventCountry "CAN"]

1. e4 g6 2. d4 Bg7 3. Nc3 d6 4. f4 a6 5. Nf3 b5 6. Be3 Nd7 7. e5 c5 8. exd6
exd6 9. dxc5 dxc5 10. Qd5 Rb8 11. Ne4 Qe7 12. Nd6+ Kf8 13. Ne5 Nxe5 14. fxe5
Bxe5 15. Nxf7 Bxb2 16. Be2 Qxe3 17. Nxh8 Bc3+ 18. Kf1 Qf4+ 19. Bf3 Bxa1 20. c3
Qc4+ 21. Qxc4 bxc4 22. Bd5 Rb1+ 0-1

[Event "British Columbia-ch Active (online)"]
[Site "chess.com"]
[Date "2020.08.16"]
[Round "7.4"]
[White "Taylor, Tristan"]
[Black "Hao, Jackie"]
[Result "1-0"]
[WhiteElo "1871"]
[BlackElo "1112"]
[PlyCount "63"]
[EventDate "2020.08.15"]
[EventType "swiss (rapid)"]
[EventRounds "8"]
[EventCountry "CAN"]

1. e4 e5 2. Nf3 Nc6 3. Bc4 Bc5 4. c3 Nf6 5. d4 exd4 6. e5 d5 7. Be2 Ne4 8. cxd4
Bb4+ 9. Bd2 Nxd2 10. Nbxd2 O-O 11. O-O Bf5 12. a3 Ba5 13. b4 Bb6 14. Nb3 a6 15.
Rc1 f6 16. exf6 Qxf6 17. Nc5 Bxc5 18. dxc5 Rae8 19. Qxd5+ Kh8 20. Qa2 Nd4 21.
Nxd4 Qxd4 22. Bf3 Be4 23. Bxe4 Qxe4 24. Qc2 Qxc2 25. Rxc2 Rd8 26. Rfc1 Rd3 27.
Rc3 Rd2 28. Rf1 Kg8 29. g3 g5 30. Kg2 g4 31. Re3 Ra2 32. Re4 1-0

[Event "British Columbia-ch Active (online)"]
[Site "chess.com"]
[Date "2020.08.16"]
[Round "7.5"]
[White "Le, Tan"]
[Black "Su, Ethan"]
[Result "0-1"]
[WhiteElo "933"]
[BlackElo "1853"]
[PlyCount "132"]
[EventDate "2020.08.15"]
[EventType "swiss (rapid)"]
[EventRounds "8"]
[EventCountry "CAN"]

1. e4 c6 2. Nf3 d5 3. e5 Bf5 4. d4 e6 5. c3 Nd7 6. Be2 c5 7. Bf4 Qb6 8. b3 h6
9. Be3 Qc7 10. Nbd2 Bh7 11. O-O Ne7 12. a4 Nf5 13. c4 cxd4 14. Bxd4 dxc4 15.
Nxc4 Rd8 16. Bc3 Nc5 17. Qe1 Be7 18. Nd6+ Kf8 19. Nb5 Qb8 20. b4 Ne4 21. Bb2
Kg8 22. Rd1 Rxd1 23. Qxd1 Bxb4 24. Qb3 a5 25. Ba3 Nc5 26. Qc4 Nxa4 27. Bxb4 Nb6
28. Qc5 Nd7 29. Qc3 axb4 30. Qxb4 Nxe5 31. Rd1 Bg6 32. h4 Nxf3+ 33. Bxf3 h5 34.
Nd6 Nxd6 35. Rxd6 Kh7 36. Rd7 Rc8 37. g3 Rc1+ 38. Kg2 Qe5 39. Rxb7 Rc2 40. Kg1
Bd3 41. Ra7 Qf6 42. Qf4 Qxf4 43. gxf4 Kg6 44. Ra5 Bf5 45. Kg2 Rc4 46. Kg3 Rc3
47. Kg2 Bh3+ 48. Kxh3 Rxf3+ 49. Kg2 Rxf4 50. Rg5+ Kh6 51. Kh3 Rxf2 52. Kg3 Ra2
53. Rc5 g6 54. Rc8 Kg7 55. Kf4 Ra4+ 56. Kg3 Kf6 57. Rc5 e5 58. Rc6+ Kf5 59. Rc5
f6 60. Rc8 Rg4+ 61. Kh3 g5 62. hxg5 Rxg5 63. Rh8 Kf4 64. Rd8 e4 65. Rd4 Ke5 66.
Rb4 e3 0-1

[Event "British Columbia-ch Active (online)"]
[Site "chess.com"]
[Date "2020.08.16"]
[Round "7.6"]
[White "Yao, Henry"]
[Black "Li, Geng"]
[Result "1/2-1/2"]
[WhiteElo "1447"]
[BlackElo "1683"]
[PlyCount "65"]
[EventDate "2020.08.15"]
[EventType "swiss (rapid)"]
[EventRounds "8"]
[EventCountry "CAN"]

1. e4 d5 2. exd5 Qxd5 3. Nc3 Qd6 4. d4 a6 5. Nf3 Nf6 6. Be2 e6 7. O-O Be7 8.
Bg5 Nbd7 9. Qd2 b5 10. a3 O-O 11. Bf4 Qb6 12. h3 Bb7 13. b4 Rad8 14. Qe3 Nh5
15. Bh2 Nhf6 16. Ne5 Nxe5 17. Bxe5 Nd7 18. Bh2 Bf6 19. Rad1 Rfe8 20. Rd2 e5 21.
dxe5 Qxe3 22. fxe3 Nxe5 23. Rxd8 Rxd8 24. Rd1 Rxd1+ 25. Nxd1 Be4 26. Bxe5 Bxe5
27. c4 Bc2 28. Nf2 c6 29. cxb5 axb5 30. Bf3 Bb2 31. Bxc6 Bxa3 32. Bxb5 Bxb4 33.
Kf1 1/2-1/2

[Event "British Columbia-ch Active (online)"]
[Site "chess.com"]
[Date "2020.08.16"]
[Round "7.7"]
[White "Leblanc, Paul"]
[Black "Li, Yuhan (John)"]
[Result "1/2-1/2"]
[WhiteElo "1765"]
[BlackElo "895"]
[PlyCount "133"]
[EventDate "2020.08.15"]
[EventType "swiss (rapid)"]
[EventRounds "8"]
[EventCountry "CAN"]

1. d4 d5 2. c4 Nf6 3. Nc3 c6 4. Nf3 Bf5 5. e3 e6 6. Bd3 Ne4 7. O-O Nxc3 8. bxc3
Bxd3 9. Qxd3 Be7 10. cxd5 cxd5 11. c4 O-O 12. Bd2 Nc6 13. c5 a6 14. Rab1 Rb8
15. Rb6 e5 16. Qb1 Qc7 17. Qb2 Rfd8 18. Rb1 Rd7 19. Bc3 e4 20. Nd2 f5 21. Nb3
Qc8 22. Nd2 Bd8 23. Rb3 Na5 24. Ra3 Nc6 25. g3 b6 26. cxb6 Rxb6 27. Rb3 Rdb7
28. Qa3 Rxb3 29. Rxb3 Rxb3 30. Nxb3 Be7 31. Nc5 Kf8 32. Qxa6 Qxa6 33. Nxa6 Bd6
34. Kf1 Ke7 35. Ke2 Kf6 36. a4 Ke7 37. Kd2 Kd7 38. Kc2 Kc8 39. Kb3 Kb7 40. Nc5+
Kb6 41. Ne6 g6 42. Ng5 h5 43. Nf7 Be7 44. h4 Na5+ 45. Bxa5+ Kxa5 46. Ne5 Bd6
47. Nxg6 Bb4 48. Nf4 Be1 49. Nxd5 Bxf2 50. Ne7 Bxe3 51. Nxf5 Bf2 52. Kc2 Kxa4
53. Kd2 Kb4 54. Ke2 e3 55. Nxe3 Bxg3 56. Nf5 Bc7 57. Ke3 Kc4 58. Ke4 Bb8 59. d5
Kc5 60. Ng7 Bg3 61. Nf5 Bb8 62. d6 Bxd6 63. Nxd6 Kxd6 64. Kf5 Ke7 65. Kg5 Kf7
66. Kxh5 Kg7 67. Kg5 1/2-1/2

[Event "British Columbia-ch Active (online)"]
[Site "chess.com"]
[Date "2020.08.16"]
[Round "7.8"]
[White "Wessels, Rohan"]
[Black "Jose, Marionito"]
[Result "1-0"]
[WhiteElo "1034"]
[BlackElo "1757"]
[PlyCount "93"]
[EventDate "2020.08.15"]
[EventType "swiss (rapid)"]
[EventRounds "8"]
[EventCountry "CAN"]

1. e4 c5 2. Nc3 Nc6 3. Bb5 Nd4 4. Bc4 a6 5. a3 e6 6. Nge2 Qc7 7. d3 d6 8. Be3
Nxe2 9. Qxe2 Nf6 10. h3 Be7 11. f4 b5 12. Ba2 Bb7 13. g4 Nd7 14. O-O-O b4 15.
Nb1 bxa3 16. Nxa3 Rb8 17. f5 exf5 18. gxf5 Bf6 19. c3 O-O 20. h4 Nb6 21. Bg5
Qe7 22. Rdg1 Na4 23. Rh2 Bc6 24. Qg4 Bxg5+ 25. hxg5 Rxb2 26. Rxb2 Nxb2 27. Kxb2
Rb8+ 28. Kc1 Qe5 29. Nb1 Qh2 30. Qg2 Qf4+ 31. Qd2 Qe5 32. g6 d5 33. exd5 Bxd5
34. gxh7+ Kh8 35. Bxd5 Qxd5 36. Qg2 Qe5 37. Qe4 Qf6 38. Qd5 Rc8 39. Kc2 a5 40.
Qb7 Re8 41. Nd2 Qxf5 42. Qb5 Qf2 43. Qxe8+ Kxh7 44. Rh1+ Kg6 45. Qe4+ Kf6 46.
Rf1 Qxf1 47. Nxf1 1-0

[Event "British Columbia-ch Active (online)"]
[Site "chess.com"]
[Date "2020.08.16"]
[Round "7.9"]
[White "Cruz, Tyler"]
[Black "Basko, Yauheni"]
[Result "0-1"]
[WhiteElo "1425"]
[BlackElo "1704"]
[PlyCount "68"]
[EventDate "2020.08.15"]
[EventType "swiss (rapid)"]
[EventRounds "8"]
[EventCountry "CAN"]

1. e4 d6 2. d4 g6 3. Nc3 Bg7 4. Be3 c6 5. Qd2 Nd7 6. O-O-O b5 7. a3 a5 8. d5
Ne5 9. dxc6 Nc4 10. Bxc4 bxc4 11. Nd5 Ra6 12. Bd4 e5 13. c7 Qh4 14. f3 exd4 15.
g3 Qh6 16. f4 Ne7 17. Nxe7 Kxe7 18. Nf3 Bg4 19. Qe2 Bxf3 20. Qxf3 Rc8 21. Rhe1
Qh5 22. g4 Qc5 23. e5 dxe5 24. Qb7 Raa8 25. Kd2 Qxc7 26. Qe4 Qc6 27. Qe2 Kf8
28. fxe5 d3 29. Qf2 dxc2 30. Kxc2 c3 31. e6 cxb2+ 32. Kb1 Rc7 33. Qe3 Qc2+ 34.
Ka2 b1=Q# 0-1

[Event "British Columbia-ch Active (online)"]
[Site "chess.com"]
[Date "2020.08.16"]
[Round "7.10"]
[White "Leong, Aiden"]
[Black "Sudarshan, Varun"]
[Result "0-1"]
[WhiteElo "1055"]
[BlackElo "1603"]
[PlyCount "28"]
[EventDate "2020.08.15"]
[EventType "swiss (rapid)"]
[EventRounds "8"]
[EventCountry "CAN"]

1. b3 e5 2. Bb2 Nc6 3. e3 d5 4. Bb5 e4 5. Ne2 Nf6 6. d4 a6 7. Bxc6+ bxc6 8. Nd2
Bd6 9. O-O Bxh2+ 10. Kxh2 Ng4+ 11. Kg3 h5 12. Nxe4 h4+ 13. Kf4 g5+ 14. Nxg5
Qf6# 0-1

[Event "British Columbia-ch Active (online)"]
[Site "chess.com"]
[Date "2020.08.16"]
[Round "8.1"]
[White "Huang, Patrick"]
[Black "Hemstapat, Andrew"]
[Result "0-1"]
[WhiteElo "2147"]
[BlackElo "2145"]
[PlyCount "102"]
[EventDate "2020.08.15"]
[EventType "swiss (rapid)"]
[EventRounds "8"]
[EventCountry "CAN"]

1. d4 Nf6 2. Bf4 g6 3. Nc3 d6 4. e4 Bg7 5. Qd2 c6 6. f3 O-O 7. Bh6 b5 8. h4 b4
9. Nce2 c5 10. h5 e5 11. hxg6 fxg6 12. Bxg7 Kxg7 13. Qh6+ Kg8 14. dxe5 dxe5 15.
Ng3 Be6 16. Nh3 Qd4 17. Rd1 Qxb2 18. Bd3 Qc3+ 19. Rd2 Bxh3 20. Rxh3 Nc6 21. Nf5
Rf7 22. Nd6 Qa1+ 23. Rd1 Qc3+ 24. Kf1 Rd8 25. Bc4 Qxc4+ 26. Nxc4 Rxd1+ 27. Ke2
Rg1 28. Ne3 Nd4+ 29. Kd3 Ra1 30. Qg5 Rxa2 31. Qxe5 Ra3+ 32. Kd2 Ra2 33. Qb8+
Rf8 34. Qb7 Rf7 35. Qc8+ Rf8 36. Qb7 Rf7 37. Qb8+ Rf8 38. Qe5 Rf7 39. Nd5 Rxc2+
40. Kd1 Nxd5 41. exd5 Re2 42. Qb8+ Kg7 43. d6 Re6 44. Qd8 b3 45. Kc1 Nf5 46. d7
Rd6 47. g4 Rfxd7 48. Qg5 Rd1+ 49. Kb2 R7d2+ 50. Kxb3 Nd4+ 51. Ka3 Ra1# 0-1

[Event "British Columbia-ch Active (online)"]
[Site "chess.com"]
[Date "2020.08.16"]
[Round "8.2"]
[White "Su, Ethan"]
[Black "Roberts, Paul"]
[Result "1-0"]
[WhiteElo "1853"]
[BlackElo "2192"]
[PlyCount "51"]
[EventDate "2020.08.15"]
[EventType "swiss (rapid)"]
[EventRounds "8"]
[EventCountry "CAN"]

1. e3 d5 2. c4 e6 3. d4 Nf6 4. Nf3 c5 5. Nc3 Nc6 6. Be2 dxc4 7. O-O cxd4 8.
exd4 Be7 9. Bxc4 O-O 10. a3 b6 11. d5 exd5 12. Nxd5 Nxd5 13. Bxd5 Bb7 14. Bf4
Bf6 15. Re1 Na5 16. Bxb7 Nxb7 17. Be5 Qxd1 18. Raxd1 Bxe5 19. Nxe5 Rfd8 20. g3
Rxd1 21. Rxd1 Rd8 22. Rc1 f6 23. Nc6 Rd2 24. Nxa7 Rxb2 25. Rc8+ Kf7 26. Rc7+
1-0

[Event "British Columbia-ch Active (online)"]
[Site "chess.com"]
[Date "2020.08.16"]
[Round "8.3"]
[White "Basko, Yauheni"]
[Black "Taylor, Tristan"]
[Result "0-1"]
[WhiteElo "1704"]
[BlackElo "1871"]
[PlyCount "84"]
[EventDate "2020.08.15"]
[EventType "swiss (rapid)"]
[EventRounds "8"]
[EventCountry "CAN"]

1. e4 c5 2. Nf3 Nc6 3. Bb5 g6 4. O-O Bg7 5. Re1 e5 6. Bxc6 dxc6 7. d3 Qc7 8.
Be3 b6 9. h3 Ne7 10. Qd2 O-O 11. Bh6 f6 12. Bxg7 Kxg7 13. Qe3 Be6 14. Nbd2 Rad8
15. a4 a5 16. Nc4 Bxc4 17. dxc4 Rd6 18. Rad1 Rfd8 19. Rxd6 Qxd6 20. g3 Ng8 21.
Kg2 Nh6 22. Ra1 Qb8 23. Qe2 Rd6 24. Qe3 Qd8 25. Re1 Nf7 26. Ra1 Qd7 27. Re1 Nd8
28. h4 h5 29. Ra1 Ne6 30. c3 Rd3 31. Qe2 Nf4+ 32. gxf4 Qg4+ 33. Kf1 Rxf3 34.
Rd1 Qh3+ 35. Ke1 Rxf4 36. Rd3 Qh1+ 37. Kd2 Qb1 38. Ke3 Qh1 39. Rd7+ Kh6 40. Qd3
Rf3+ 41. Ke2 Rxd3 42. Kxd3 Qf3+ 0-1

[Event "British Columbia-ch Active (online)"]
[Site "chess.com"]
[Date "2020.08.16"]
[Round "8.4"]
[White "Williamson, Jason"]
[Black "Pangilinan, Emmanuel"]
[Result "1-0"]
[WhiteElo "2028"]
[BlackElo "1592"]
[PlyCount "81"]
[EventDate "2020.08.15"]
[EventType "swiss (rapid)"]
[EventRounds "8"]
[EventCountry "CAN"]

1. e4 e5 2. Nf3 Nc6 3. Bb5 Nd4 4. Nxd4 exd4 5. d3 a5 6. c3 Bc5 7. O-O c6 8. Bc4
d6 9. b4 axb4 10. cxb4 Bb6 11. a4 Ne7 12. Bb2 Ng6 13. f4 O-O 14. Nd2 d5 15.
exd5 cxd5 16. Bb3 Bf5 17. Qf3 Ne7 18. g4 Bd7 19. f5 f6 20. Bxd5+ Kh8 21. a5 Bc7
22. Bxb7 Rb8 23. a6 Rxb7 24. axb7 Bc6 25. Qf2 Qd5 26. Ne4 Bxb7 27. Qxd4 Qb5 28.
Nc5 Bb6 29. Qc4 Qc6 30. Qe4 Bxc5+ 31. bxc5 Qxc5+ 32. Bd4 Qc7 33. Ra7 Nc6 34.
Rb1 Nxa7 35. Rxb7 Qc1+ 36. Kg2 Qc2+ 37. Kg3 Qa2 38. Rxa7 Qb1 39. Ra8 Qb4 40.
Bxf6 gxf6 41. Qxb4 1-0

[Event "British Columbia-ch Active (online)"]
[Site "chess.com"]
[Date "2020.08.16"]
[Round "8.5"]
[White "Taylor, Ashton"]
[Black "Yao, Henry"]
[Result "1/2-1/2"]
[WhiteElo "1685"]
[BlackElo "1447"]
[PlyCount "141"]
[EventDate "2020.08.15"]
[EventType "swiss (rapid)"]
[EventRounds "8"]
[EventCountry "CAN"]

1. d4 d5 2. c4 dxc4 3. Nf3 Nf6 4. Nc3 e6 5. Bg5 Be7 6. e3 a6 7. Bxc4 b5 8. Bd3
h6 9. Bh4 c5 10. O-O cxd4 11. Nxd4 O-O 12. Ne4 Bb7 13. Qf3 Nxe4 14. Bxe4 Bxe4
15. Qxe4 Ra7 16. Bg3 Bd6 17. Nxe6 Re7 18. Nxd8 Rxe4 19. Bxd6 Rxd8 20. Rfd1 Re6
21. Bg3 Rxd1+ 22. Rxd1 Nc6 23. Rd6 Rxd6 24. Bxd6 f5 25. Kf1 Kf7 26. Ke2 g6 27.
Kd3 Ke6 28. Bf8 h5 29. f4 Kd5 30. b3 Nd8 31. Bg7 Ne6 32. Bd4 Nd8 33. a3 Nc6 34.
Kc3 Nd8 35. Kb4 Nc6+ 36. Kc3 Nd8 37. h3 Nc6 38. Kd3 Na5 39. Kc3 Nc6 40. b4 Ke4
41. Bc5 Nd8 42. Kb3 Ne6 43. a4 Nc7 44. axb5 axb5 45. Kc3 Nd5+ 46. Kd2 Nc7 47.
Bb6 Nd5 48. Bc5 Nc7 49. Ke2 Nd5 50. Kf2 Nc7 51. Kg3 Ne6 52. Bb6 Ng7 53. Kh4 Ne6
54. g4 hxg4 55. hxg4 Kd3 56. gxf5 gxf5 57. Kh5 Ke4 58. Kg6 Nf8+ 59. Kf7 Nd7 60.
Bd4 Nb8 61. Bc5 Nc6 62. Ke6 Nb8 63. Kd6 Na6 64. Kc6 Nxb4+ 65. Bxb4 Kxe3 66. Bd6
b4 67. Be5 b3 68. Kd5 b2 69. Bxb2 Kxf4 70. Kd4 Kf3 71. Bc1 1/2-1/2

[Event "British Columbia-ch Active (online)"]
[Site "chess.com"]
[Date "2020.08.16"]
[Round "8.6"]
[White "Li, Geng"]
[Black "Wessels, Rohan"]
[Result "1-0"]
[WhiteElo "1683"]
[BlackElo "1034"]
[PlyCount "39"]
[EventDate "2020.08.15"]
[EventType "swiss (rapid)"]
[EventRounds "8"]
[EventCountry "CAN"]

1. d4 f5 2. c4 Nf6 3. Nf3 g6 4. Nc3 Bg7 5. e3 d6 6. Be2 O-O 7. O-O c6 8. h3 Na6
9. b3 Qc7 10. Ba3 Re8 11. Rc1 e5 12. dxe5 dxe5 13. b4 c5 14. Nd5 Nxd5 15. cxd5
b6 16. d6 Qc6 17. b5 Qd7 18. bxa6 Bf8 19. Qd5+ Kh8 20. Qxa8 1-0

[Event "British Columbia-ch Active (online)"]
[Site "chess.com"]
[Date "2020.08.16"]
[Round "8.7"]
[White "Parpatt, Mark"]
[Black "Koukpari, Tiam"]
[Result "0-1"]
[WhiteElo "1330"]
[BlackElo "1675"]
[PlyCount "86"]
[EventDate "2020.08.15"]
[EventType "swiss (rapid)"]
[EventRounds "8"]
[EventCountry "CAN"]

1. e4 c5 2. Nf3 Nc6 3. Bb5 d6 4. d4 cxd4 5. Nxd4 Bd7 6. O-O e5 7. Nf3 Be7 8. c4
Nf6 9. Nc3 a6 10. Ba4 O-O 11. Bg5 Be6 12. Nd5 Nxe4 13. Bxc6 Bxg5 14. Bxb7 Rb8
15. Nxg5 Nxg5 16. Bxa6 Rxb2 17. a4 Ne4 18. Bb5 Qh4 19. Qf3 Bxd5 20. cxd5 f5 21.
g3 Qh6 22. Rad1 Nd2 23. Qe2 Nxf1 24. Qxb2 Nxh2 25. Qa3 Ng4 26. Qf3 e4 27. Qg2
e3 28. f3 Nf2 29. Re1 f4 30. g4 Nh3+ 31. Kf1 Ng5 32. Bd7 Qf6 33. Qe2 h6 34. Rb1
Qe5 35. Bc6 Rc8 36. Kg2 h5 37. gxh5 Nf7 38. Rh1 Qg5+ 39. Kf1 Rb8 40. Bb5 Ne5
41. h6 Rc8 42. Qe1 Nxf3 43. Qc1 Rxc1+ 0-1

[Event "British Columbia-ch Active (online)"]
[Site "chess.com"]
[Date "2020.08.16"]
[Round "8.8"]
[White "Sudarshan, Varun"]
[Black "Hao, Jackie"]
[Result "0-1"]
[WhiteElo "1603"]
[BlackElo "1112"]
[PlyCount "118"]
[EventDate "2020.08.15"]
[EventType "swiss (rapid)"]
[EventRounds "8"]
[EventCountry "CAN"]

1. e4 e5 2. Nf3 Nc6 3. Bb5 a6 4. Ba4 Nf6 5. d3 d6 6. c3 Be7 7. Nbd2 O-O 8. O-O
b5 9. Bb3 Na5 10. Bc2 c5 11. Re1 Nc6 12. Nf1 Be6 13. d4 cxd4 14. cxd4 Bg4 15.
dxe5 dxe5 16. Qxd8 Rfxd8 17. Be3 Bxf3 18. gxf3 Nd4 19. Bxd4 exd4 20. Red1 Rac8
21. Bb3 a5 22. a4 bxa4 23. Rxa4 Bb4 24. Ng3 d3 25. Nf5 Kf8 26. Raa1 Nh5 27. Ne3
Nf4 28. Nd5 Nxd5 29. Bxd5 d2 30. Kf1 Rc2 31. Rab1 Rdc8 32. Ke2 Rc1 33. Ba2 Rxb1
34. Bxb1 Rc1 35. Bd3 f6 36. b3 Kf7 37. Bc4+ Ke7 38. Bd5 Kd6 39. Bg8 h5 40. Bh7
Ke5 41. h3 Kf4 42. Bg6 h4 43. Bf7 Rxd1 44. Kxd1 Kxf3 45. Bh5+ Kxf2 46. Be2 Kg3
47. Bg4 g6 48. Be6 Kf4 49. Bd5 g5 50. Ke2 g4 51. hxg4 Kxg4 52. Bc4 h3 53. e5
fxe5 54. Bd5 Kg3 55. Be4 Kf4 56. Bh1 e4 57. Kd1 e3 58. Ke2 h2 59. Bf3 d1=Q+ 0-1

[Event "British Columbia-ch Active (online)"]
[Site "chess.com"]
[Date "2020.08.16"]
[Round "8.9"]
[White "Bedward, Raemur"]
[Black "Leblanc, Paul"]
[Result "1-0"]
[WhiteElo "1125"]
[BlackElo "1765"]
[PlyCount "115"]
[EventDate "2020.08.15"]
[EventType "swiss (rapid)"]
[EventRounds "8"]
[EventCountry "CAN"]

1. e4 c6 2. d4 d5 3. Nd2 dxe4 4. Nxe4 Nf6 5. Nxf6+ gxf6 6. Bf4 Bf5 7. Qd2 e6 8.
Nf3 Bd6 9. O-O-O Qc7 10. Bxd6 Qxd6 11. Bd3 Bg4 12. Be2 Nd7 13. h3 Bh5 14. Qa5
Bg6 15. Rhe1 b6 16. Qc3 O-O 17. Bd3 Kg7 18. Kb1 b5 19. Nh4 a5 20. Nxg6 hxg6 21.
Re4 b4 22. Qd2 f5 23. Rh4 Rh8 24. Rxh8 Rxh8 25. Qe3 Rh4 26. Be2 Re4 27. Qd3 Nf6
28. g3 c5 29. dxc5 Qxc5 30. f3 Re3 31. Qd2 Nd5 32. Ba6 Rxf3 33. Qe1 Ne3 34. Rd2
Rf1 35. Bxf1 Nxf1 36. Qxf1 Qe3 37. Qe1 Qc5 38. Rd1 Qc6 39. Qe3 Qg2 40. g4 Qc6
41. Re1 Qd5 42. Qe5+ Qxe5 43. Rxe5 Kf6 44. Rxa5 f4 45. Kc1 e5 46. Rc5 Ke6 47.
Kd2 Kd6 48. Rb5 e4 49. Rxb4 Kd5 50. c3 f5 51. Rd4+ Ke5 52. gxf5 gxf5 53. Ke2
f3+ 54. Kf1 Kf4 55. a4 Kg3 56. a5 e3 57. Rd8 e2+ 58. Ke1 1-0

[Event "British Columbia-ch Active (online)"]
[Site "chess.com"]
[Date "2020.08.16"]
[Round "8.10"]
[White "Ingram, Richard"]
[Black "Chen, Zhengyu"]
[Result "0-1"]
[WhiteElo "1532"]
[BlackElo "900"]
[PlyCount "128"]
[EventDate "2020.08.15"]
[EventType "swiss (rapid)"]
[EventRounds "8"]
[EventCountry "CAN"]

1. e4 e5 2. Nf3 Nc6 3. Bb5 Nf6 4. O-O d6 5. Re1 Be7 6. c3 O-O 7. d4 exd4 8.
cxd4 Bd7 9. Nc3 Bg4 10. Bxc6 bxc6 11. Qd3 Nd7 12. Bf4 Bxf3 13. Qxf3 Bg5 14.
Rad1 Re8 15. Bg3 c5 16. dxc5 Nxc5 17. e5 Be7 18. exd6 Bxd6 19. Rxe8+ Qxe8 20.
Nd5 Rc8 21. b3 Bxg3 22. hxg3 Qd8 23. Qe3 Ne6 24. Qe2 c6 25. Ne3 Qa5 26. Nc4 Qb5
27. Qf3 Rd8 28. Rxd8+ Nxd8 29. Qe4 Ne6 30. Ne5 Qd5 31. Qe3 c5 32. Nf3 Kf8 33.
Qd2 Nd4 34. Kf1 f6 35. Qd3 g6 36. Nd2 Qh5 37. Nf3 Qh1+ 38. Ng1 Qh6 39. Nf3 Qc1+
40. Ne1 Ke7 41. Qc4 Qxc4+ 42. bxc4 Kd6 43. Nd3 Nc2 44. Ke2 Nb4 45. Nc1 Ke5 46.
Nd3+ Kd4 47. Nb2 Nxa2 48. Kd2 Nb4 49. f3 Nc6 50. f4 Nb4 51. Kd1 Nd3 52. Nxd3
Kxd3 53. Kc1 Kxc4 54. Kc2 Kd4 55. Kd2 c4 56. Kc2 c3 57. Kc1 Kd3 58. Kd1 c2+ 59.
Kc1 Kc3 60. f5 gxf5 61. g4 a5 62. gxf5 a4 63. g4 a3 64. g5 a2 0-1

[Event "British Columbia-ch Seniors"]
[Site "chess.com"]
[Date "2020.06.12"]
[Round "1.1"]
[White "McLaren, Brian"]
[Black "Pangilinan, Emmanuel"]
[Result "1-0"]
[WhiteElo "2142"]
[BlackElo "1601"]
[PlyCount "101"]
[EventDate "2020.06.12"]
[EventType "swiss"]
[EventRounds "5"]
[EventCountry "CAN"]
[TimeControl "5400+30"]

1. e4 c5 2. Nc3 Nc6 3. g3 e6 4. Bg2 Nge7 5. Nge2 Nd4 6. O-O e5 7. d3 d6 8. f4
Bg4 9. h3 Nxe2+ 10. Nxe2 Bxe2 11. Qxe2 Nc6 12. c3 Be7 13. Be3 b6 14. Rad1 Qc7
15. d4 O-O 16. fxe5 dxe5 17. d5 Nd8 18. h4 Bd6 19. Rf2 g6 20. Bh6 Re8 21. c4
Bf8 22. Be3 Nb7 23. Rdf1 Nd6 24. b3 Bg7 25. g4 Rf8 26. g5 Qd7 27. Kh2 Rae8 28.
Bd2 a5 29. a3 Qc7 30. h5 f5 31. gxf6 Qd8 32. fxg7 Qh4+ 33. Kg1 Kxg7 34. Rxf8
Rxf8 35. Bh6+ Kxh6 36. Rxf8 Kg7 37. Qf2 Qg5 38. hxg6 hxg6 39. Rb8 Qc1+ 40. Kh2
Qh6+ 41. Bh3 Kh7 42. Rxb6 g5 43. Rxd6 Qxd6 44. Qf5+ Kh8 45. Qxg5 Qb8 46. Qf6+
Kg8 47. Be6+ Kh7 48. Bf5+ Kg8 49. Qg6+ Kf8 50. Be6 Qc7 51. d6 1-0

[Event "British Columbia-ch Seniors"]
[Site "chess.com"]
[Date "2020.06.12"]
[Round "1.2"]
[White "Bishop, Greg"]
[Black "Morgan, Scott"]
[Result "0-1"]
[WhiteElo "1594"]
[BlackElo "2068"]
[PlyCount "48"]
[EventDate "2020.06.12"]
[EventType "swiss"]
[EventRounds "5"]
[EventCountry "CAN"]
[TimeControl "5400+30"]

1. e4 e5 2. g3 d5 3. exd5 Qxd5 4. Qf3 Qd6 5. Nc3 Nc6 6. Nge2 Nb4 7. Kd1 Bd7 8.
a3 Bc6 9. Ne4 Qg6 10. d3 Nxd3 11. cxd3 Rd8 12. Ke1 f5 13. N2c3 Nf6 14. Bg2 Rd4
15. Kf1 fxe4 16. dxe4 Bd6 17. h4 O-O 18. Kg1 Nxe4 19. h5 Qe8 20. Qe3 Nxf2 21.
Qxf2 Rxf2 22. Kxf2 Bc5 23. Bxc6 Qxc6 24. Bg5 Rd3+ 0-1

[Event "British Columbia-ch Seniors"]
[Site "chess.com"]
[Date "2020.06.12"]
[Round "1.3"]
[White "Hoshizaki, Dale"]
[Black "Sullivan, Brian"]
[Result "1-0"]
[WhiteElo "2002"]
[BlackElo "1551"]
[PlyCount "65"]
[EventDate "2020.06.12"]
[EventType "swiss"]
[EventRounds "5"]
[EventCountry "CAN"]
[TimeControl "5400+30"]

1. e4 c5 2. Nc3 d6 3. Bb5+ Bd7 4. Bxd7+ Qxd7 5. f4 Nf6 6. Nf3 Nc6 7. O-O g6 8.
d3 Bg7 9. h3 O-O 10. Be3 e6 11. Qd2 a6 12. Rae1 b5 13. g4 Qb7 14. f5 b4 15. Ne2
c4 16. g5 Nh5 17. f6 Bh8 18. d4 Rfe8 19. c3 a5 20. Bf2 a4 21. Ng3 Nxf6 22. gxf6
Bxf6 23. e5 dxe5 24. Ne4 Be7 25. dxe5 Kg7 26. Qf4 h6 27. Be3 Rh8 28. Nd4 Bg5
29. Nxg5 hxg5 30. Qf6+ Kh6 31. Bxg5+ Kh7 32. Nxc6 Rhf8 33. Re4 1-0